О возможности корректировки кристаллической структуры диоксида титана на стадии осаждения гексафторотитаната аммония; Фторидные технологии в атомной промышленности. Громовские чтения - 2014

Detaylı Bibliyografya
Parent link:Фторидные технологии в атомной промышленности. Громовские чтения - 2014.— 2014.— [С. 67-68]
Yazar: Дубов А. Г. Александр Георгиевич
Müşterek Yazar: Национальный исследовательский Томский политехнический университет (ТПУ) Физико-технический институт (ФТИ) Кафедра химической технологии редких, рассеянных и радиоактивных элементов (№ 43) (ХТРЭ)
Diğer Yazarlar: Киселёв А. Д. Александр Дмитриевич, Петлин И. В. Илья Владимирович
Özet:Заглавие с титульного экрана
Dil:Rusça
Baskı/Yayın Bilgisi: 2014
Seri Bilgileri:Технологии оксидов и фторидов урана
Konular:
Online Erişim:http://earchive.tpu.ru/handle/11683/69625
http://www.lib.tpu.ru/fulltext/c/2014/C81/020.pdf
Materyal Türü: MixedMaterials Elektronik Kitap Bölümü
KOHA link:https://koha.lib.tpu.ru/cgi-bin/koha/opac-detail.pl?biblionumber=609305

MARC

LEADER 00000naa2a2200000 4500
001 609305
005 20240125144703.0
035 |a (RuTPU)RU\TPU\conf\6752 
035 |a RU\TPU\conf\6750 
090 |a 609305 
100 |a 20141105d2014 k y0rusy50 ca 
101 0 |a rus 
102 |a RU 
105 |a y z 101zy 
135 |a drgn ---uucaa 
181 0 |a i  
182 0 |a b 
200 1 |a О возможности корректировки кристаллической структуры диоксида титана на стадии осаждения гексафторотитаната аммония  |f А. Г. Дубов, А. Д. Киселёв, И. В. Петлин 
203 |a Текст  |c электронный 
225 1 |a Технологии оксидов и фторидов урана 
300 |a Заглавие с титульного экрана 
320 |a [Библиогр.: с. 68 (1 назв.)] 
337 |a Adobe Reader 
463 0 |0 (RuTPU)RU\TPU\conf\6238  |t Фторидные технологии в атомной промышленности. Громовские чтения - 2014  |o материалы всероссийской научно-практической конференции, приуроченной к 105-летию со дня рождения Б. В. Громова, г. Томск, 1-3 октября 2014 г.  |f Национальный исследовательский Томский политехнический университет (ТПУ)  |v [С. 67-68]  |d 2014 
610 1 |a труды учёных ТПУ 
610 1 |a электронный ресурс 
610 1 |a корректировки 
610 1 |a кристаллические структуры 
610 1 |a диоксид титана 
610 1 |a осаждение 
610 1 |a гексафторотитанат аммония 
610 1 |a кристаллические структуры 
700 1 |a Дубов  |b А. Г.  |c химик-технолог  |c заведующий лабораторией Томского политехнического университета  |f 1959-  |g Александр Георгиевич  |3 (RuTPU)RU\TPU\pers\32631 
701 1 |a Киселёв  |b А. Д.  |c химик-технолог  |c инженер Томского политехнического университета  |f 1988-  |g Александр Дмитриевич  |3 (RuTPU)RU\TPU\pers\28910 
701 1 |a Петлин  |b И. В.  |c химик-технолог  |c доцент Томского политехнического университета, кандидат наук  |f 1987-  |g Илья Владимирович  |3 (RuTPU)RU\TPU\pers\27919  |9 12922 
712 0 2 |a Национальный исследовательский Томский политехнический университет (ТПУ)  |b Физико-технический институт (ФТИ)  |b Кафедра химической технологии редких, рассеянных и радиоактивных элементов (№ 43) (ХТРЭ)  |3 (RuTPU)RU\TPU\col\18733 
801 2 |a RU  |b 63413507  |c 20220217  |g RCR 
856 4 |u http://earchive.tpu.ru/handle/11683/69625 
856 4 |u http://www.lib.tpu.ru/fulltext/c/2014/C81/020.pdf 
942 |c BK